La caparra nel diritto intermedio
Elmentve itt :
| Szerző: | |
|---|---|
| Dokumentumtípus: | Cikk |
| Megjelent: |
1960
|
| Sorozat: | Kolligátum
|
| Kulcsszavak: | Jogtudomány - olasz |
| Online Access: | http://misc.bibl.u-szeged.hu/23200 |
| LEADER | 00529nab a2200169 i 4500 | ||
|---|---|---|---|
| 001 | misc23200 | ||
| 005 | 20191108150108.0 | ||
| 008 | 170822s1960 hu o 0|| zxx d | ||
| 040 | |a SZTE Miscellanea Repozitórium |b hun | ||
| 041 | |a zxx | ||
| 100 | 1 | |a Bellomo Manlio | |
| 245 | 1 | 3 | |a La caparra nel diritto intermedio |h [elektronikus dokumentum] / |c Bellomo Manlio |
| 260 | |c 1960 | ||
| 300 | |a 1-04 | ||
| 490 | 0 | |a Kolligátum | |
| 695 | |a Jogtudomány - olasz | ||
| 856 | 4 | 0 | |u http://misc.bibl.u-szeged.hu/23200/1/87516_001-004.pdf |z Dokumentum-elérés |